|
|
|
|
| LEADER |
00000nam0a2200000 4500 |
| 001 |
366989 |
| 005 |
20231102011934.0 |
| 035 |
|
|
|a (RuTPU)RU\TPU\retro\24352
|
| 090 |
|
|
|a 366989
|
| 100 |
|
|
|a 20220225d1979 km y0rusy50 ca
|
| 101 |
0 |
|
|a rus
|
| 102 |
|
|
|a UA
|
| 105 |
|
|
|a a z 001zy
|
| 200 |
1 |
|
|a Прочность и деформативность арболита
|f Л. П. Хорошун, А. С. Щербаков
|g Академия наук Украинской ССР, Институт механики
|
| 210 |
|
|
|a Киев
|c Наукова думка
|d 1979
|
| 215 |
|
|
|a 192 с.
|c ил.
|
| 320 |
|
|
|a Библиогр.: с. 187-189
|
| 606 |
1 |
|
|a Арболит
|x Строительные материалы
|2 stltpush
|3 (RuTPU)RU\TPU\subj\29325
|9 52685
|
| 610 |
1 |
|
|a прочность
|
| 610 |
1 |
|
|a деформируемость
|
| 610 |
1 |
|
|a древесно-цементные композиции
|
| 610 |
1 |
|
|a технологические факторы
|
| 610 |
1 |
|
|a влияние
|
| 610 |
1 |
|
|a прогнозирование
|
| 610 |
1 |
|
|a термоупругие деформации
|
| 610 |
1 |
|
|a конструкции
|
| 610 |
1 |
|
|a расчет
|
| 610 |
1 |
|
|a изготовление
|
| 675 |
|
|
|a 691.115
|v 4
|
| 700 |
|
1 |
|a Хорошун
|b Л. П.
|g Леонид Петрович
|
| 701 |
|
1 |
|a Щербаков
|b А. С.
|g Анатолий Сергеевич
|
| 712 |
0 |
2 |
|a Академия наук Украинской ССР
|b Институт механики
|c (Киев)
|c (1959-1991)
|2 stltpush
|3 (RuTPU)RU\TPU\col\1205
|9 23531
|
| 801 |
|
1 |
|a RU
|b 63413507
|c 20220225
|
| 801 |
|
2 |
|a RU
|b 63413507
|c 20220225
|g RCR
|
| 942 |
|
|
|c BK
|